000 01173nam a22004097a 4500
001 BR7806358
003 BR-BrBNA
005 20230928085735.0
007 ta
008 230509b bl.||||| |||| 00| 0 por d
040 _aBR-BrBNA
_bpor
_cBiblioteca Nacional de Agricultura
041 _a(Por)
072 _aE50; E15
_b/G514
090 _ E50 BR7806358
100 1 _aParente, D.O.
100 1 _aTavares, M.E.G.
100 1 _aAraujo, R.W. de
100 1 _aAlmeida, F. de A.M.
100 1 _aAlmeida Junior, J. de
100 1 _aMiranda, A.M. de
100 1 _aBezerra, F.S.
110 1 _aEmpresa de Assistencia Tecnica e Extensao Rural do Ceara, Fortaleza (Brasil)
245 1 _aPlano de desenvolvimento para a comunidade de Jua municipio de Parambu-Ceara [Brasil]
260 3 _aFortaleza, CE (Brasil):
_c1978.
300 _a32 p.
500 _a8 tables
650 _aDESENVOLVIMENTO COMUNITARIO
650 _aNIVEL DE VIDA
650 _aPROPRIEDADE RURAL
650 _aPOSSE DE TERRA
650 _aDIREITO AGRARIO
650 _aCOMUNIDADE RURAL
650 _aJUA
650 _aCEARA
909 _a202309
_bLucia
_c55
_dLucia Elande
942 _cBK
999 _c26086
_d26086